Zenés, korrekciós mozgásprogram
Elmentve itt :
| Szerző: | |
|---|---|
| Dokumentumtípus: | Könyv |
| Megjelent: |
2011
|
| Kulcsszavak: | sport gyógytorna |
| Tárgyszavak: | |
| Online Access: | http://eta.bibl.u-szeged.hu/1609 |
| LEADER | 00700nnm a2200217 i 4500 | ||
|---|---|---|---|
| 001 | eta1609 | ||
| 005 | 20190208090804.0 | ||
| 008 | 190208s2011 hu o 0|| hun d | ||
| 040 | |a SZTE Elektronikus Tananyag Archívum |b hun | ||
| 041 | |a hun | ||
| 100 | 1 | |a Borkovits Margit | |
| 245 | 1 | 0 | |a Zenés, korrekciós mozgásprogram |h [elektronikus dokumentum] / |c Borkovits Margit |
| 260 | |c 2011 | ||
| 516 | |a Book | ||
| 650 | 4 | |a Orvos- és egészségtudomány | |
| 650 | 4 | |a Egészségtudományok | |
| 650 | 4 | |a Sport és fitnesztudományok | |
| 650 | 4 | |a Sportegészségügy | |
| 695 | |a sport | ||
| 695 | |a gyógytorna | ||
| 856 | 4 | 0 | |u https://eta.bibl.u-szeged.hu/1609/1/2009_0026_jgypk_korrekcio.zip |z Dokumentum-elérés |